ბათუმის შოთა რუსთაველის სახელმწიფო უნივერსიტეტის ბიბლიოთეკა

ხეხილის მავნებლები და დაავადებები / (ბიბ.ჩანაწერი № 35383)

000 -ლიდერი
ფიქსირებული სიგრძის საკონტროლო ველი 01403nam a2200277Ia 4500
001 - საკონტროლო ნომერი
საკონტროლო ველი 1236
003 - საკონტროლო ნომრის იდენტიფიკატორი
საკონტროლო ველი GE_BSU
005 - ბოლო ოპერაციის თარიღი და დრო
საკონტროლო ველი 20251121153528.0
008 - ფიქსირებული სიგრძის მონაცემთა ელემენტები - ზოგადი ინფორმაცია
ფიქსირებული სიგრძის საკონტროლო ველი 181216s2010||||ge |||||||||||||| ||geo||
010 ## - კონგრესის ბიბლიოთეკის საკონტროლო ნომერი
LC საკონტროლო ნომერი 9789941910777
020 ## - წიგნის საერთაშორისო სტანდარტული ნომერი
International Standard Book Number 9789941910777
040 ## - კატალოგიზაციის წყარო
Transcribing agency GE_BSU
041 ## - ენის კოდი
Language code of text/sound track or separate title geo
080 ## - უნივერსალური ათობითი კლასიფიკაციის ინდექსი
Universal Decimal Classification number 632 ა-48
100 ## - მთავარი ჩანაწერი - პიროვნების სახელი
Personal name ალექსიძე, გურამ
9 (RLIN) 7983
245 ## - ცნობა სათაურის შესახებ
Title ხეხილის მავნებლები და დაავადებები /
Statement of responsibility, etc [ავტ.: გურამ ალექსიძე, შაქრო ყანჩაველი, რუსუდან კეშელავა; საქ. ს/მ მეცნ. აკად., მცენარეთა დაცვის ინ-ტი.
264 ## - წარმოების, გამოცემის, დისტრიბუციის და სხვა ცნობები
გამოცემის, წარმოების, დისტრიბუციის... ადგილი თბილისი:
გამოცემის, წარმოების, დისტრიბუციის... სახელწოდება "ლეგას" გამ-ბა და სტ.,
გამოცემის, წარმოების, დისტრიბუციის... თარიღი 2010.
300 ## - ფიზიკური აღწერა
Extent 50 გვ. ;
Other physical details 19 სმ.
504 ## - BIBLIOGRAPHY, ETC. NOTE
Bibliography, etc ბიბლიოგრ.: გვ. 49.
653 ## - INDEX TERM--UNCONTROLLED
Uncontrolled term ხეხილის მავნებლები და დაავადებები.
700 ## - ADDED ENTRY--PERSONAL NAME
Personal name ყანჩაველი, შაქრო
Relator term ავტორი
9 (RLIN) 17919
700 ## - ADDED ENTRY--PERSONAL NAME
Personal name კეშელავა, რუსუდან
Relator term ავტორი
9 (RLIN) 26303
710 ## - ADDED ENTRY--CORPORATE NAME
Corporate name or jurisdiction name as entry element საქ. ს/მ მეცნ. აკად. მცენარეთა დაცვის ინ-ტი.
9 (RLIN) 26304
942 ## - ADDED ENTRY ELEMENTS (KOHA)
Koha item type წიგნი
Source of classification or shelving scheme
ეგზემპლარები
ჩამოწერის სტატუსი დაკარგული ეგზემპლარის სტატუსი კლასიფიკაციის წყარო ან თაროზე გაწყობის სქემა დაზიანების სტატუსი არ გაიცემა მუდმივი მდებარეობა (დაცვის ადგილი) ამჟამინდელი ადგილსამყოფელი თაროზე განთავსების ადგილი შეძენის თარიღი ღირებულება, შესყიდვის ნორმალური ფასი სრული შენახვის შიფრი შტრიხკოდი ბოლო ოპერაციის თარიღი ეგზემპლარის მიმდევრობითი ნომერი (კეტერი?) ფასის ძალაში შესვლის თარიღი ეგზემპლარის სახეობა საჯარო შენიშვნა
          ბათუმის შოთა რუსთაველის სახელმწიფო უნივერსიტეტის მთავარი ბიბლიოთეკა ბათუმის შოთა რუსთაველის სახელმწიფო უნივერსიტეტის მთავარი ბიბლიოთეკა წიგნსაცავი 2018-12-17 3.00 632 ა-48 2825 2018-12-17 2825 2018-12-17 წიგნი 3 ლ.